Sesion inaugural de la Escuela Mercantil de Mallorca celebrada en el salon de sesiones de la Exma. Diputacion Provincial de las Baleares el dia 29 de noviembre de 1880 ... (Registro nro. 153703)

Detalles MARC
000 -LEADER
campo de control de longitud fija 00757nam a2200181 i 4500
001 - NÚMERO DE CONTROL
campo de control 153703
003 - IDENTIFICADOR DE NÚMERO DE CONTROL
campo de control ES-MaACL
005 - FECHA Y HORA DE LA ÚLTIMA TRANSACCIÓN
campo de control 20230906205341.0
008 - DATOS DE LONGITUD FIJA--INFORMACIÓN GENERAL
campo de control de longitud fija 050726s1880 sp | |||||||| ||spa d
040 ## - FUENTE DE CATALOGACIÓN
Centro catalogador/agencia de origen CAM
Lengua de catalogación spa
Centro/agencia transcriptor CAM
110 2# - ENTRADA PRINCIPAL--NOMBRE DE ENTIDAD CORPORATIVA
Nombre de entidad corporativa o nombre de jurisdicción como elemento de entrada Escuela Mercantil de Mallorca.
9 (RLIN) 134358
245 10 - MENCIÓN DEL TÍTULO
Título Sesion inaugural de la Escuela Mercantil de Mallorca celebrada en el salon de sesiones de la Exma. Diputacion Provincial de las Baleares el dia 29 de noviembre de 1880 ...
260 ## - PUBLICACIÓN, DISTRIBUCIÓN, ETC.
Lugar de publicación, distribución, etc. Palma :
Nombre del editor, distribuidor, etc. [s.n.],
Fecha de publicación, distribución, etc. 1880 (
Fabricante Imprenta de Miguel Roca)
300 ## - DESCRIPCIÓN FÍSICA
Extensión 21 p. ;
Dimensiones 26 cm.
505 8# - NOTA DE CONTENIDO CON FORMATO
Nota de contenido con formato Discurso pronuniciado por Alejandro Rosselló (pp. 9-21)
700 1# - ENTRADA AGREGADA--NOMBRE PERSONAL
Nombre de persona Rosselló, Alejandro.
9 (RLIN) 132073
852 ## - LOCALIZACIÓN
Ubicación ES-MaACL
Número de control de estantería T-390-F-14
Nota libre -- Enc. hol.
-- -- Enc. en un vol. facticio
Existencias
Estatus retirado Estado de pérdida Estado de daño No para préstamo Colección Biblioteca de origen Biblioteca actual Ubicación en estantería Fecha de adquisición Total de préstamos Signatura topográfica completa Código de barras Visto por última vez Precio de reemplazo Tipo de ítem Koha
        Colección de folletos Biblioteca del Ateneo de Madrid Biblioteca del Ateneo de Madrid Depósito folletos 17/01/2008   T-390-F-14 1160687 23/02/2023 23/02/2023 Folleto